Perot Roca Guinarda : història d'aquest bandoler / Lluís Mª Soler y Terol història d'aquest bandoler / Lluís Mª Soler y Terol
Descripción Física:
476 p. ; 25 cm
MARC
| LEADER | 00000nam a2200000Ia 4500 | ||
|---|---|---|---|
| 001 | 15936 | ||
| 008 | 160829s1909 xx 000 0 cat d | ||
| 080 | |a H-2-226 | ||
| 100 | |a Soler Terol, Lluís Ma. |9 46851 | ||
| 245 | |a Perot Roca Guinarda : |b història d'aquest bandoler / Lluís Mª Soler y Terol | ||
| 260 | |a Manrèsa : |b (Imp. de Sant Josèp), |c 1909 | ||
| 300 | |a 476 p. ; |c 25 cm | ||
| 590 | |a Índex. | ||
| 590 | |a Prové de 3801, llibres de l'opositor Lluís Ma. Soler Terol. | ||
| 600 | 1 | 0 | |9 55816 |a Rocaguinarda, Perot, |d 1582-aproximadament 1635 |
| 650 | |a Bandolers |x Catalunya |x Història |x S. XVII |9 25508 | ||
| 901 | |a Arxiu | ||
| 942 | |n 1 |2 udc | ||
| 952 | |0 0 |1 0 |4 0 |6 H2226 |7 1 |9 53495 |a Arxiu |b Arxiu |d 2016-12-01 |l 0 |o H-2-226 |p 15936 |r 2016-12-01 00:00:00 |w 2016-12-01 |y ARXIU | ||
| 999 | |c 57361 |d 57361 | ||